<?xml version="1.0" encoding="UTF-8"?>
<record
    xmlns:xsi="http://www.w3.org/2001/XMLSchema-instance"
    xsi:schemaLocation="http://www.loc.gov/MARC21/slim http://www.loc.gov/standards/marcxml/schema/MARC21slim.xsd"
    xmlns="http://www.loc.gov/MARC21/slim">

  <leader>01537nam a22002657a 4500</leader>
  <controlfield tag="008">130816t20102013mx ao  | |||| 00| 0 spa d</controlfield>
  <datafield tag="020" ind1=" " ind2=" ">
    <subfield code="a">9786074621792</subfield>
  </datafield>
  <datafield tag="050" ind1=" " ind2=" ">
    <subfield code="a">F1226 N84 2010</subfield>
  </datafield>
  <datafield tag="100" ind1=" " ind2=" ">
    <subfield code="a">VELAZQUEZ Garc&#xED;a, Erik, autor</subfield>
    <subfield code="e">autor</subfield>
  </datafield>
  <datafield tag="245" ind1=" " ind2="1">
    <subfield code="a">Nueva Historia General de M&#xE9;xico</subfield>
    <subfield code="c">Erik Vel&#xE1;squez Garc&#xED;a</subfield>
  </datafield>
  <datafield tag="260" ind1=" " ind2=" ">
    <subfield code="a">M&#xE9;xico: </subfield>
    <subfield code="b">: Colegio de M&#xE9;xico </subfield>
    <subfield code="c">, 2010</subfield>
  </datafield>
  <datafield tag="300" ind1=" " ind2=" ">
    <subfield code="a">818 p&#xE1;gimas</subfield>
  </datafield>
  <datafield tag="500" ind1=" " ind2=" ">
    <subfield code="a">Incluye &#xED;ndice onom&#xE1;stico y topon&#xED;mico.</subfield>
  </datafield>
  <datafield tag="505" ind1=" " ind2=" ">
    <subfield code="a">Los habitantes m&#xE1;s antiguos del actual territorio mexicano; el cl&#xE1;sico en el M&#xE9;xico antiguo, el posclasico en Mesoam&#xE9;rica; los a&#xF1;os de la conquista; la expansi&#xF3;n; Nueva Espa&#xF1;a - 1750-1804; disoluci&#xF3;n de la monarqu&#xED;a hisp&#xE1;nica y el proceso de independencia; el nuevo orden (1821-1848); del desastre a la reconstrucci&#xF3;n republicana (1848-1876); el porfiriato; revoluci&#xF3;n mexicana; construcci&#xF3;n del nuevo estado (1920-1945); modernizaci&#xF3;n autoritaria (1944-1968); el fracaso del exito (1970-1985); del autoritarismo agotado a la democracia fr&#xE1;gil (19852010).</subfield>
  </datafield>
  <datafield tag="650" ind1="1" ind2=" ">
    <subfield code="a">Historia</subfield>
    <subfield code="y">33000 a.c al 2010</subfield>
    <subfield code="z">M&#xE9;xico</subfield>
  </datafield>
  <datafield tag="700" ind1=" " ind2=" ">
    <subfield code="a">NALDA, Enrique</subfield>
    <subfield code="e">autor</subfield>
  </datafield>
  <datafield tag="700" ind1=" " ind2=" ">
    <subfield code="a">ESCALNTE GONZALBO, Pablo</subfield>
    <subfield code="e">autor</subfield>
  </datafield>
  <datafield tag="700" ind1=" " ind2=" ">
    <subfield code="a">KUNTZ FICKER, SANDRA y Elsa Speckman Guerra</subfield>
    <subfield code="e">autor</subfield>
  </datafield>
  <datafield tag="700" ind1=" " ind2=" ">
    <subfield code="a">GARCIADIEGO, Javier y sandra Kuntz Ficker</subfield>
  </datafield>
  <datafield tag="700" ind1=" " ind2=" ">
    <subfield code="a">ABOITES, Luis y Engracia Loyo</subfield>
    <subfield code="e">autor</subfield>
  </datafield>
  <datafield tag="700" ind1=" " ind2=" ">
    <subfield code="a">LOAEZA, Soledad</subfield>
    <subfield code="e">autor</subfield>
  </datafield>
  <datafield tag="700" ind1=" " ind2=" ">
    <subfield code="a">RODRIGUEZ KURI, Ariel y Renato gonz&#xE1;lez Mello</subfield>
    <subfield code="e">autor</subfield>
  </datafield>
  <datafield tag="700" ind1=" " ind2=" ">
    <subfield code="a">MARQUEZ, Graciela y Lorenzo Meyer</subfield>
    <subfield code="e">autor</subfield>
  </datafield>
  <datafield tag="942" ind1=" " ind2=" ">
    <subfield code="c">LB</subfield>
    <subfield code="2">lcc</subfield>
  </datafield>
  <datafield tag="952" ind1=" " ind2=" ">
    <subfield code="0">0</subfield>
    <subfield code="1">0</subfield>
    <subfield code="4">0</subfield>
    <subfield code="7">0</subfield>
    <subfield code="a">22</subfield>
    <subfield code="b">22</subfield>
    <subfield code="d">2014-12-05</subfield>
    <subfield code="l">3</subfield>
    <subfield code="o">F1226 N79 2010</subfield>
    <subfield code="p">22 000758</subfield>
    <subfield code="r">2019-04-23</subfield>
    <subfield code="s">2019-04-23</subfield>
    <subfield code="t">1</subfield>
    <subfield code="w">2014-12-05</subfield>
    <subfield code="y">LB</subfield>
  </datafield>
  <datafield tag="952" ind1=" " ind2=" ">
    <subfield code="0">0</subfield>
    <subfield code="1">0</subfield>
    <subfield code="4">0</subfield>
    <subfield code="7">0</subfield>
    <subfield code="a">22</subfield>
    <subfield code="b">22</subfield>
    <subfield code="d">2014-12-05</subfield>
    <subfield code="l">6</subfield>
    <subfield code="o">F1226 N79 2010</subfield>
    <subfield code="p">22 000759</subfield>
    <subfield code="r">2018-01-27</subfield>
    <subfield code="s">2018-01-27</subfield>
    <subfield code="t">2</subfield>
    <subfield code="w">2014-12-05</subfield>
    <subfield code="y">LB</subfield>
  </datafield>
  <datafield tag="999" ind1=" " ind2=" ">
    <subfield code="c">95308</subfield>
    <subfield code="d">95308</subfield>
  </datafield>
</record>
